000 01528 a2200241 4500
003 NUST
005 20221123172647.0
010 _a 88026657
020 _a0070602344
040 _cNust
082 0 0 _a519.5,SPI
100 1 _aSpiegel, Murray R.
245 1 0 _aSchaum's outline statistics /
_cMurray R. Spiegel. and Larry J Stephens
250 _a3rd ed.
260 _a Islamabad :
_b National Book Foundation
_cc1988.
300 _a537 p. :
_bill. ;
_c28 cm.
440 0 _aSchaum's outline series.
_98664
505 _aVariables and Graphs (Page-1), Frequency Distributions (Page-36), The Mean Median, Mode and Other Measures of Central Tendency (Page-58), The Standard Devotion and Other Measures of Dispersion (Page-89), Moments, Skewness and Kurtosis (Page-114), Elementary Probability Theory (Page-127), The Binomial , Normal and Poisson Distributions (Page-155), Elementary Sampling Theory (Page-181), Statistical Estimation Theory (Page-201), Statistical Decision Theory (Page-216), Small Sampling Theory (Page-242), The Chi-Square Test (Page-261), Curve Fitting and The Method of Least Squares (Page-281), Correlation Theory (Page-311), Multiple and Partial Correlation(Page-345), Analysis of Variance (Page-362), Nonparametric Test (Page-402), Analysis of Time Series (Page-434), Statistical Process Control and Process Capability (Page-470).
650 0 _aStatistics
_xProblems, exercises, etc.
_988327
740 0 _aStatistics.
740 0 _aTheory and problems of statistics.
942 _2ddc
_cBK
_k519.5,SPI
999 _c179347
_d179347